| 000 | 00433nam a2200133Ia 4500 | ||
|---|---|---|---|
| 008 | 250110s9999 xx 000 0 und d | ||
| 041 | _aeng | ||
| 100 |
_aLalbige Shivali _9184144 |
||
| 245 | _aLandscape Policies And Design Guidelines For Urbaan Quarryscape Of Pune City | ||
| 260 |
_bBNCA M.Arch. Landscape Architecture _c2017 |
||
| 300 | _a86p | ||
| 500 | _aLandscape Architeture | ||
| 700 |
_aGuide Name:Khatavkar Anupama _9211008 |
||
| 999 |
_c364712 _d364712 |
||